Normal view
MARC view
- Engler, George N.
Entry Personal Name
001 - CONTROL NUMBER
- control field: 6182
003 - CONTROL NUMBER IDENTIFIER
- control field: OSt
005 - DATE AND TIME OF LATEST TRANSACTION
- control field: 20170519081744.0
008 - FIXED-LENGTH DATA ELEMENTS
- fixed length control field: 170519|| aca||aabn | a|a d
040 ## - CATALOGING SOURCE
- Original cataloging agency: OSt
- Transcribing agency: OSt
100 ## - HEADING--PERSONAL NAME
- Personal name: Engler, George N.
670 ## - SOURCE DATA FOUND
- Source citation: Work cat.: (OSt)0: Engler, George N., Cases in managerial finance /, 1982

PORTAL AKMAL
E-MEL JKDM
AKMAL2U
G-BAM
u-PUSTAKA